00460 a2200109 4500082001100000100001800011245006400029260008100093300003700174500008200211856005700293 aMSIT-9 aMahmood Ahmad aMalfree web server response [Project MSIT-9]cMahmood Ahmad aIslamabadbNUST School of Electrical Engineering and Computer Sciencec2011. aix, 52p.b:ill,c;27cm.+eCD-ROM aSupervisors: Dr. Fauzan Mirza, Dr. Hafiz Farooq Ahmad, Ammar Karim, Bilal Ali uhttp://10.250.8.41:8080/xmlui/handle/123456789/10081